000 00293nam a22001337a 4500
008 170508b xxu||||| |||| 00| 0 eng d
020 _a9781583605097
041 _aeng
080 _24TH
_a343.9
100 _a15
101 _aSHJ
245 _aCRIME PREVENTION
_cLAB , S.P
942 _2udc
_cBK
999 _c12870
_d12870